Anime/Manga schlecht erklärt #2 - Statistiken

Allgemein
  • Dieses Quiz wurde 987 mal gespielt
  • Das Durchschnittsergebnis liegt bei 8 aus 15
Antwortstatistiken
Hint Antwort % Korrekt
Glatzkopf onehittet alles und jeden. One Punch Man
93%
Junge besucht Schule für Superhelden. My Hero Academia
91%
Junge lernt wie man atmet und kämpft gegen Dämonen. Demon Slayer
87%
Schüler verspürt nach Organtransplantation den Drang Menschen zu essen. Tokyo Ghoul
67%
Brüder suchen einen Stein, um ihre Mutter wiederzubeleben. Fullmetal Alchemist
60%
Gamer-Geschwisterpaar wird in Welt teleportiert, in der alles durch Spiele entschieden wird. No Game no Life
59%
Wolf verliebt sich in Hasen. Beastars
56%
Elfin geht auf ein Abenteuer, nachdem alle ihre Freunde gestorben sind. Sousou no Frieren
55%
Nicht alternder Junge führt fragwürdige Tierkämpfe durch. Pokemon
54%
Kriegsveteranin schreibt Briefe für andere, um ihre Gefühle zu entdecken. Violet Evergarden
49%
Typ mit sprechender rechter Hand. Parasyte
42%
Chirurg rettet zukünftigem Serienmörder das Leben. Monster
37%
Generationen einer Familie haben Beef mit einem Vampir. Jojo's Bizarre Adventure
30%
Mädchen geht neu auf eine Schule, in der Klamotten den Sozialstatus bestimmen. Kill la Kill
9%
Zwei Freunde auf dem Weg ein Mangaka-Duo zu werden. Bakuman
8%
Keine übereinstimmenden Quizze gefunden
Verteilung der Resultate
Anzahl Personen mit jedem Resultat
Perzentil nach korrekt beantworteten Fragen
Ihre Resultats-Entwicklung
Sie haben dieses Quiz noch nicht gespielt